La vall d'Olzinelles : Descobrim Sant Celoni (I) / Descobrim Sant Celoni (I) /
MARC
| LEADER | 00000nam a22000007a 4500 | ||
|---|---|---|---|
| 001 | 28404 | ||
| 003 | AGDB | ||
| 005 | 20260324181522.0 | ||
| 008 | 240229b spa||||| |||| 00| 0 cat d | ||
| 017 | |a B 4332-2023 | ||
| 040 | |a agdb |b cat | ||
| 110 | |a Parc del Montnegre i el Corredor (Catalunya) |9 10204 | ||
| 245 | |a La vall d'Olzinelles : |b Descobrim Sant Celoni (I) / |c Parc Natural del Montnegre i el Corredor | ||
| 260 | |a Barcelona : |b Diputació de Barcelona ; |c 2023 | ||
| 300 | |a 1 tríptic desplegable ; |b il·lustracions color ; |c 21 x 10 cm | ||
| 490 | |v Itineraris senyalitzats ; |x SL-C 79 | ||
| 610 | 0 | |a Parc del Montnegre i el Corredor (Catalunya) |v Guies |9 52679 | |
| 610 | 1 | 0 | |a Parc del Montnegre i el Corredor (Catalunya) |x Circuits turístics |9 52714 |
| 610 | 1 | 0 | |a Barcelona (Catalunya : Província). |b Xarxa de Parcs Naturals |v Guies |9 52737 |
| 650 | 0 | |a Parcs Naturals |z Barcelona (Catalunya : Província) |v Guies |9 50316 | |
| 655 | 0 | |a Fulletons |9 55858 | |
| 710 | 1 | |a Barcelona (Catalunya : Província). |b Xarxa de Parcs Naturals |9 7250 | |
| 710 | 1 | |a Sant Celoni (Catalunya). |b Ajuntament |9 55494 | |
| 710 | 1 | |a Barcelona (Catalunya : Província). |b Gerència de Serveis d’Espais Naturals |9 52730 | |
| 856 | 4 | 0 | |u https://llibreria.diba.cat/es/libro/parc-del-montnegre-i-el-corredor_68349 |z Accés lliure (Llibreria de la Diputació de Barcelona) |
| 942 | |2 udc |c ARXIU |n 1 | ||
| 952 | |0 0 |1 0 |4 0 |6 FU7652 |7 1 |9 96777 |a Arxiu |b Arxiu |d 2024-02-29 |l 0 |o FU-76-52 |p 28404 |r 2024-02-29 00:00:00 |w 2024-02-29 |y ARXIU | ||
| 999 | |c 128617 |d 128617 | ||